000 00389nam a22001697a 4500
003 MPLRDC
005 20220104142934.0
008 210129b ||||| |||| 00| 0 eng d
020 _a962-357-440-1
082 _a091 SWH
100 _a邵伟华
245 _a周易预测例题解
_c
260 _a
_b明报出版社
_c1992
300 _b
650 _a易经
942 _cBK
_o091 SWH
999 _c35088
_d35078